| 000 | 00458nam a2200193Ia 4500 | ||
|---|---|---|---|
| 005 | 20240823052341.0 | ||
| 008 | 240823s9999||||xx |||||||||||||| ||und|| | ||
| 020 | _a978-0-19-954500-1 | ||
| 041 | _aENGLISH | ||
| 082 | _A530.41 P8 | ||
| 100 | _aMartin T Dove | ||
| 245 | 0 | _aStructure and Dynamics | |
| 250 | _a1st | ||
| 260 |
_c2008 _bOxford University |
||
| 500 | _aYES | ||
| 650 |
_aStructure and Dynamics _bCivil |
||
| 942 | _cBK | ||
| 999 |
_c221658 _d221658 |
||